Austria / (Record no. 149001)

MARC details
000 -LEADER
campo de control de longitud fija 00597nam a2200193 4500
001 - NÚMERO DE CONTROL
campo de control 149001
003 - IDENTIFICADOR DE NÚMERO DE CONTROL
campo de control ES-MaACL
005 - FECHA Y HORA DE LA ÚLTIMA TRANSACCIÓN
campo de control 20230906202914.0
007 - CAMPO FIJO DE DESCRIPCIÓN FÍSICA--INFORMACIÓN GENERAL
campo de control de longitud fija t|
008 - DATOS DE LONGITUD FIJA--INFORMACIÓN GENERAL
campo de control de longitud fija 070214s1963 sp r ||||1| spa d
100 1# - ENTRADA PRINCIPAL--NOMBRE DE PERSONA
Nombre de persona Susini, Eugène.
9 (RLIN) 108852
245 10 - MENCIÓN DEL TÍTULO
Título Austria /
Mención de responsabilidad, etc. Eugène Susini ; cubierta de Yves Brayer ; traducción de María Teresa Boada.
250 ## - MENCION DE EDICION
Mención de edición 1ª. ed.
260 ## - PUBLICACIÓN, DISTRIBUCIÓN, ETC.
Lugar de publicación, distribución, etc. Barcelona :
Nombre del editor, distribuidor, etc. Juventud,
Fecha de publicación, distribución, etc. 1963.
300 ## - DESCRIPCIÓN FÍSICA
Extensión 362 p., 1031 lám. ;
Dimensiones 23 cm +
Material acompañante/anejo 1 map.
700 1# - ENTRADA AGREGADA--NOMBRE PERSONAL
Nombre de persona Brayer, Yves.
9 (RLIN) 31528
700 1# - ENTRADA AGREGADA--NOMBRE PERSONAL
Nombre de persona Boada, María Teresa.
9 (RLIN) 29617
852 ## - LOCALIZACIÓN
Ubicación ES-MaACL
Número de control de estantería C-24152
Sublocalización o colección R.52998
Holdings
Estatus retirado Estado de pérdida Estado de daño No para préstamo Biblioteca de origen Biblioteca actual Ubicación en estantería Fecha de adquisición Fuente de adquisición Total de préstamos Signatura topográfica completa Código de barras Visto por última vez Precio de reemplazo Tipo de ítem Koha
        Biblioteca del Ateneo de Madrid Biblioteca del Ateneo de Madrid Depósito 2 17/01/2008     C-24152 1155486 23/02/2023 23/02/2023 Libro impreso